Türk hukuk tarihi / (Record no. 200129578)

MARC details
000 -LEADER
fixed length control field 00903 a2200301 4500
001 - CONTROL NUMBER
control field 200129578
003 - CONTROL NUMBER IDENTIFIER
control field TR-AnTOB
005 - DATE AND TIME OF LATEST TRANSACTION
control field 20251209095934.0
008 - FIXED-LENGTH DATA ELEMENTS--GENERAL INFORMATION
fixed length control field 130530s1989 tu 000 0
020 ## - INTERNATIONAL STANDARD BOOK NUMBER
International Standard Book Number 9754480206 (v.1)
International Standard Book Number 9754480192 (v.2)
040 ## - CATALOGING SOURCE
Original cataloging agency TR-AnTOB
041 ## - LANGUAGE CODE
Language code of text/sound track or separate title Türkçe
050 #0 - LIBRARY OF CONGRESS CALL NUMBER
Classification number KKX120
Item number .C56 1989
090 ## - LOCALLY ASSIGNED LC-TYPE CALL NUMBER (OCLC); LOCAL CALL NUMBER (RLIN)
Classification number (OCLC) (R) ; Classification number, CALL (RLIN) (NR) KKX120 .C56 1989
100 1# - MAIN ENTRY--PERSONAL NAME
Personal name Cin, Halil
9 (RLIN) 89938
245 10 - TITLE STATEMENT
Title Türk hukuk tarihi /
Statement of responsibility, etc. Halil Cin, Ahmet Akgündüz.
264 #1 - PRODUCTION, PUBLICATION, DISTRIBUTION, MANUFACTURE, AND COPYRIGHT NOTICE
Place of production, publication, distribution, manufacture Konya :
Name of producer, publisher, distributor, manufacturer Selçuk Üniversitesi,
Date of production, publication, distribution, manufacture, or copyright notice 1989.
300 ## - PHYSICAL DESCRIPTION
Extent v. <1,2 > ;
Dimensions 25 cm.
490 0# - SERIES STATEMENT
Series statement Selçuk Üniversitesi Yayınları ;
Volume/sequential designation 58-59.
504 ## - BIBLIOGRAPHY, ETC. NOTE
Bibliography, etc. note
505 #0 - FORMATTED CONTENTS NOTE
Formatted contents note v.1.Kamu hukuku -- v.2.Özel hukuk.
650 #0 - SUBJECT ADDED ENTRY--TOPICAL TERM
Topical term or geographic name entry element Law
Geographic subdivision Turkey
General subdivision History
9 (RLIN) 106912
Topical term or geographic name entry element Hukuk
Geographic subdivision Türkiye
General subdivision Tarih
9 (RLIN) 15230
700 1# - ADDED ENTRY--PERSONAL NAME
Personal name Akgündüz, Ahmet,
Dates associated with a name 1955-
9 (RLIN) 150218
942 ## - ADDED ENTRY ELEMENTS (KOHA)
Koha item type Book
Holdings
Withdrawn status Lost status Source of classification or shelving scheme Materials specified (bound volume or other part) Not for loan Collection code Home library Current library Shelving location Date acquired Source of acquisition Cost, normal purchase price Serial Enumeration / chronology Inventory number Total Checkouts Total Holds Full call number Barcode Copy number Cost, replacement price Date shelved Koha item type Public note
      v.1 Ödünç Verilebilir / Available Genel Koleksiyon Merkez Kütüphane Merkez Kütüphane Genel Koleksiyon / Main Collection 29/05/2013 Bağış / Donation 0.01 1 HUK     KKX120 .C56 1989 0025703 1 0.01   Book  
    Library of Congress Classification v.2 Ödünç Verilebilir / Available Genel Koleksiyon Merkez Kütüphane Merkez Kütüphane Genel Koleksiyon / Main Collection 01/07/2005 TOBB Devir / TOBB Transfer     HUK     KKX120 .C56 1989 0022452 1 0.01   Book Donated by TOBB
Devinim Yazılım Eğitim Danışmanlık tarafından Koha'nın orjinal sürümü uyarlanarak geliştirilip kurulmuştur.